000 00547nam a2200169 i 4500
001 75118
003 ES-MaACL
005 20230906172337.0
007 t|
008 040922s1914 xxk ||||1| eng d
100 1 _aGosse, Edmund.
_959256
245 1 0 _aCollected essays /
_cof Edmundo Gosse.
260 _aLondon :
_bHeinemann,
_c1914.
300 _a5 v. ;
_c19 cm.
505 8 _aContiene: I: Seventeenth. -- II: Gossip in a library. -- III: Critical kit-kats. -- IV: French profiles. -- V: Portraits and sketchs
852 _aES-MaACL
_jC-1042-46
999 _c75118
_d75118